000 00567nam a2200205Ii 4500
003 JO-AjNU
008 230606s9999||||xx |||||||||||||| ||und||
020 _a0-394-17866-1/ 0-8021-0014-7
040 _aJO-AjNU
_beng
_erda
_cJO-AjNU
041 _aeng
050 1 4 _aPR6069.T6 1972
100 3 _aStoppard, Tom,
_eauthor
_95541
245 0 0 _aJumpers
264 3 1 _aNew York: Grove Press INC, 1972
300 _a89P
336 _atext
_btxt
_2rdacontent
337 _aunmediated
_bn
_2rdamedia
338 _avolume
_bnc
_2rdacarrier
650 4 _aDrama in English
_95542
999 _aE2866
_c2864
_d2864